[Event "15th Open"]
[Site "Nikea GRE"]
[Date "2007.08.27"]
[Round "6"]
[White "Dounis,A"]
[Black "Kostas,P"]
[Result "0-1"]
[WhiteElo "2190"]
[BlackElo "1885"]

1.Nf3 d5 2.g3 e6 3.Bg2 Nf6 4.O-O Be7 5.d4 O-O 6.c4 dxc4 7.Qc2 c5 8.dxc5 Bxc5
9.Qxc4 Nbd7 10.Nc3 a6 11.Bg5 Qc7 12.Rac1 Bxf2+  0-1

[Event "1st Serbian League Women"]
[Site "Zlatibor SRB"]
[Date "2007.08.27"]
[Round "7"]
[White "Foisor,C"]
[Black "Sudakova,I"]
[Result "1-0"]
[WhiteElo "2372"]
[BlackElo "2358"]

1.Nf3 d5 2.g3 Nf6 3.Bg2 c6 4.h3 Bf5 5.d3 h6 6.Nc3 c5 7.O-O Nc6 8.Qe1 d4 9.e4 Bh7
10.e5 Nd7 11.e6 fxe6 12.Ne4 e5 13.a3 e6 14.Bd2 Nf6 15.Nxf6+ Qxf6 16.Nh2 Bd6
17.Ng4 Qe7 18.Bxc6+ bxc6 19.Nxe5 Bxe5 20.Qxe5 O-O 21.Rae1 Rae8 22.f4 Rf5
23.Qe2 Rd5 24.Qg2 Qd7 25.g4 Bg6 26.Rf2 Kh7 27.b3 e5 28.f5 Bf7 29.g5 Rd6 30.Qg3 g6
31.gxh6 Bd5 32.Rxe5 Rxe5 33.Qxe5 gxf5 34.Bg5 Rg6 35.h4 Be6 36.Kh2 Qd5 37.Qxd5 cxd5
38.Kg3 c4 39.Kf4 Bf7 40.Ke5 Rb6 41.b4 Ra6 42.Kxd4 Rxa3 43.Rxf5 Bg6 44.Rxd5 cxd3
45.Rd7+ Kh8 46.Bf6+ Kg8 47.Rg7+ Kf8 48.Rxg6 d2 49.Rg1  1-0

[Event "1st Serbian League Men"]
[Site "Zlatibor SRB"]
[Date "2007.08.28"]
[Round "7"]
[White "Arsovic,Z"]
[Black "Leskur,D"]
[Result "0-1"]
[WhiteElo "2451"]
[BlackElo "2482"]

1.Nf3 d5 2.g3 Nf6 3.Bg2 e6 4.O-O Be7 5.c4 O-O 6.d4 c6 7.Qc2 Nbd7 8.b3 b6
9.Rd1 Ba6 10.a4 Rc8 11.a5 b5 12.c5 b4 13.Bb2 Ne4 14.Ne1 Rb8 15.e3 f5 16.f3 Ng5
17.Nd2 e5 18.f4 exf4 19.exf4 Ne4 20.Ndf3 Ndf6 21.Ne5 Qc7 22.N1f3 g6 23.Re1 Nh5
24.Bc1 Ng7 25.Be3 Ne6 26.Kh1 Bf6 27.Bh3 Ng7 28.Rg1 Nh5 29.Rg2 Bg7 30.Rgg1 Nhf6
31.Rae1 Nc3 32.Rg2 Bc8 33.Rgg1 Ba6 34.Rg2 Bc8 35.Ra1 Ng4 36.Re1 Nxe5 37.Nxe5 Bxe5
38.fxe5 Qxa5 39.Bg5 Be6 40.Be7 Rf7 41.Bd6 Ra8 42.Qd2 Qd8 43.Ra1 a5 44.Rgg1 Ne4
45.Qe3 f4 46.Qxe4 dxe4 47.Bxe6 Qe8 48.Bc4 Kg7 49.e6 Rf5 50.gxf4 h6 51.Rge1 g5
52.Rxe4 Qh5 53.Be2 Qh3 54.e7 Qxb3 55.Bg4 Qd5 56.Bxf5 Qxf5 57.Rae1 Re8 58.Re6 Qd5+
59.Kg1 gxf4 60.Kf2 Qxd4+ 61.Kf3 Qd5+ 62.Kxf4 b3 63.R6e3 a4 64.Rg3+ Kf7 65.Rf3 b2
66.Ke3+ Qxf3+ 67.Kxf3 a3 68.Be5 Rxe7 69.Bxb2 Rxe1 70.Bxa3 Ke6 71.Kg4 Re4+  0-1

[Event "1st Serbian League Women"]
[Site "Zlatibor SRB"]
[Date "2007.08.29"]
[Round "9"]
[White "Voiska,M"]
[Black "Sudakova,I"]
[Result "1/2-1/2"]
[WhiteElo "2314"]
[BlackElo "2358"]

1.Nf3 d5 2.g3 Nf6 3.Bg2 c6 4.c4 dxc4 5.Qc2 e6 6.Qxc4 b5 7.Qc2 Bb7 8.b3 Nbd7
9.Bb2 Rc8 10.O-O Be7 11.d3 O-O 12.Nbd2 Qb6 13.Ne5 Nxe5 14.Bxe5 c5 15.Bxb7 Qxb7
16.Qb2 Rfd8 17.a4 a6 18.axb5 axb5 19.Ra5 Ra8 20.Rfa1 Rxa5 21.Rxa5 Ra8 22.Qa1  1/2-1/2

[Event "IX Sants Open"]
[Site "Barcelona ESP"]
[Date "2007.08.30"]
[Round "7"]
[White "Karlsson,L"]
[Black "Gonzalez Rodriguez,JA"]
[Result "1-0"]
[WhiteElo "2493"]
[BlackElo "2430"]

1.g3 d5 2.Nf3 Nf6 3.Bg2 c6 4.O-O Bg4 5.b3 Nbd7 6.Bb2 e6 7.c4 Bd6 8.d4 Bxf3
9.exf3 dxc4 10.bxc4 O-O 11.f4 c5 12.Nc3 cxd4 13.Nb5 Bc5 14.Nxd4 Rb8 15.Qe2 a6
16.Rfd1 Qc7 17.Nb3 Be7 18.Rac1 b6 19.Nd4 Bc5 20.Nc6 Rbc8 21.Rc2 Rfe8 22.Rcd2 Nf8
23.Be5 Qb7 24.Bxf6 gxf6 25.Qg4+ Kh8 26.Ne5 Qe7 27.Nc6 Qb7 28.Qf3 Kg7 29.h4 Qc7
30.h5 h6 31.Qg4+ Kh8 32.f5 e5 33.Qh4 Kg7 34.Qg4+ Kh8 35.Be4 Bd4 36.Nxd4 exd4
37.Rxd4 Rcd8 38.Rxd8 Rxd8 39.Rxd8 Qxd8 40.Bd5 Qc7 41.Kg2 b5  1-0

[Event "1st Serbian League Women"]
[Site "Zlatibor SRB"]
[Date "2007.08.30"]
[Round "10"]
[White "Chelushkina,I"]
[Black "Velcheva,M"]
[Result "1-0"]
[WhiteElo "2340"]
[BlackElo "2294"]

1.g3 d5 2.Nf3 Nc6 3.d4 Bf5 4.c3 Qd7 5.a4 f6 6.Nh4 Bg4 7.Bg2 g5 8.Nf3 Bh3
9.Bxh3 Qxh3 10.a5 Qd7 11.Nbd2 g4 12.Nh4 e5 13.Nb3 e4 14.Be3 b6 15.axb6 cxb6
16.Nd2 Bh6 17.Bxh6 Nxh6 18.Nf1 Nf5 19.Nxf5 Qxf5 20.Ne3 Qd7 21.Qa4 h5 22.h3 gxh3
23.Rxh3 Ne7 24.Qxd7+ Kxd7 25.Kd2 Rh7 26.Ng2 Ng6 27.f4 f5 28.Ne3 Ne7 29.g4 fxg4
30.Nxg4 Ke6 31.Ne3 Nf5 32.Rg1 Nxe3 33.Kxe3 Rf8 34.c4 dxc4 35.Kxe4 Re8 36.Rg5 Kd6+
37.Re5 Reh8 38.f5 h4 39.Re6+ Kd7 40.Kd5 Rc8 41.Rd6+ Ke7 42.e4 b5 43.e5 b4
44.e6 Rh5 45.Rd7+ Ke8 46.Ke5 c3 47.bxc3 bxc3 48.Rg7 Kf8 49.Rg1 c2 50.Rc1 a5
51.d5 a4 52.Kf6 Rh6+ 53.Kg5 Rh8 54.d6 a3 55.Rxa3 h3 56.Ra7 h2 57.Rf7+ Kg8
58.d7 Rd8 59.f6 Rh7 60.Rxh7 Kxh7 61.e7 Rg8+ 62.Kf5 Rg1 63.e8=Q h1=Q 64.Qf7+ Kh6
65.Qg7+  1-0

[Event "LNA Copa Puma"]
[Site "Argentina ARG"]
[Date "2007.09.01"]
[Round "4"]
[White "Calderon Fernandez,G"]
[Black "Lalanne,P"]
[Result "1/2-1/2"]
[WhiteElo "2267"]
[BlackElo "2219"]

1.Nf3 d5 2.g3 Nf6 3.Bg2 e6 4.O-O c5 5.c4 Nc6 6.cxd5 exd5 7.d4 Be7 8.Nc3 O-O
9.b3 Ne4 10.Bb2 Bf6 11.e3 Bf5 12.Rc1 Rc8 13.dxc5 Nb4 14.a3 Nxc3 15.Bxc3 Nd3
16.Bxf6 Qxf6 17.Rc2 Nxc5 18.Rd2 Ne4 19.Rd4 Nc3 20.Qd2 Qa6 21.Rb4 Ne2+ 22.Kh1 Be4
23.Ra4 Qb5 24.Rb4 Qa6 25.Ra4  1/2-1/2

[Event "XXII Open"]
[Site "Parla ESP"]
[Date "2007.09.02"]
[Round "2"]
[White "Arribas Lopez,A"]
[Black "Andalon Gomez,C"]
[Result "1-0"]
[WhiteElo "2292"]
[BlackElo "2037"]

1.Nf3 d5 2.g3 c5 3.Bg2 Nc6 4.O-O e5 5.d3 Nf6 6.e4 d4 7.Nbd2 Bg4 8.h3 Bh5
9.a4 Be7 10.Nc4 Nd7 11.Qe1 b6 12.Nh2 f6 13.h4 a6 14.Bh3 Rb8 15.Bd2 Bf7 16.f4 b5
17.Na5 Qc7 18.axb5 axb5 19.Nf3 Bd6 20.Qe2 O-O 21.Nxc6 Qxc6 22.Bxd7 Qxd7 23.f5 Ra8
24.g4 c4 25.Qg2 b4 26.g5 Rfc8 27.gxf6 Bh5 28.Rxa8 Rxa8 29.Bh6 g6 30.fxg6 hxg6
31.dxc4 Kh7 32.Bg7 Qg4 33.Qxg4 Bxg4 34.Ng5+ Kg8 35.Bh6 Bf8 36.f7+ Kh8 37.Bxf8 Rxf8
38.b3  1-0

[Event "XV Open"]
[Site "Albacete ESP"]
[Date "2007.09.04"]
[Round "5"]
[White "Vassallo,M"]
[Black "Espinosa Aranda,A"]
[Result "1/2-1/2"]
[WhiteElo "2387"]
[BlackElo "2184"]

1.Nf3 d5 2.g3 c5 3.Bg2 Nc6 4.O-O e5 5.d3 Nf6 6.e4 dxe4 7.dxe4 Qxd1 8.Rxd1 Bg4
9.c3 Be7 10.Re1 O-O-O 11.Nbd2 Nd7 12.Nc4 Be6 13.Ne3 f6 14.Nd5 Bf8 15.Nd2 Nb6
16.Nxb6+ axb6 17.Nf1 Bd6 18.Ne3 Ne7 19.Bf1 Bc7 20.a4 Nc6 21.Bc4 Bxc4 22.Nxc4 Na5
23.Na3 Nb3 24.Ra2 Rd3 25.Be3 Rhd8 26.Nc4 Kd7 27.Ra3 Na5 28.Nxa5 bxa5 29.Bxc5 Bd6
30.Bxd6 Kxd6 31.Rb3 Kc6 32.Rb5 b6 33.Kg2 Rd2 34.b4 axb4 35.Rxb4 Rc2 36.Reb1 Rdd2
37.Rxb6+ Kc7 38.Rb7+ Kc6 39.R1b6+ Kc5 40.Rb5+ Kc6 41.R7b6+ Kc7 42.Rb7+ Kc6
43.R7b6+  1/2-1/2

[Event "XXII Open"]
[Site "Parla ESP"]
[Date "2007.09.06"]
[Round "6"]
[White "Arribas Lopez,A"]
[Black "Ballesteros,D"]
[Result "0-1"]
[WhiteElo "2292"]
[BlackElo "2196"]

1.Nf3 d5 2.g3 c5 3.Bg2 Nc6 4.O-O e5 5.d3 Bg4 6.Nbd2 Nf6 7.c4 d4 8.h3 Bd7
9.Ng5 Be7 10.Nge4 Nxe4 11.dxe4 O-O 12.a3 a6 13.f4 b5 14.Qc2 Rc8 15.b3 h6
16.Nf3 Bf6 17.Qd3 bxc4 18.bxc4 Rb8 19.Bd2 Qc7 20.h4 Rb2 21.Bc1 Rb7 22.f5 Rfb8
23.g4 Rb3 24.Qd1 d3 25.exd3 Qd6 26.g5 Be7 27.f6 gxf6 28.gxf6 Bxf6 29.Qe1 Kh7
30.Qf2 Bg7 31.Ne1 Be6 32.Ra2 Rg8 33.Re2 Nd4 34.Re3 Rb1 35.Nf3 Bf8 36.Kh1 Rg4
37.Ree1 Rb3 38.Rd1 Rg6 39.h5 Rg8 40.Nh4 Be7 41.Nf5 Bxf5 42.exf5 Bg5 43.Bb2 Bf4
44.Bxd4 cxd4 45.Rb1 Rxd3 46.Rb7 Qf6 47.Qe1 Rdg3 48.Rb2 Qh4+ 49.Kg1 Rxg2+  0-1

[Event "Open"]
[Site "Liverpool ENG"]
[Date "2007.09.07"]
[Round "7"]
[White "Wu,L"]
[Black "Almond,R"]
[Result "1-0"]
[WhiteElo "2314"]
[BlackElo "2101"]

1.Nf3 d5 2.g3 Nf6 3.Bg2 g6 4.O-O Bg7 5.d3 O-O 6.Nbd2 c6 7.e4 dxe4 8.dxe4 Qc7
9.Re1 e5 10.b3 Bg4 11.Bb2 Nbd7 12.h3 Be6 13.Ng5 Rfe8 14.Nxe6 Rxe6 15.Qe2 Rd8
16.Rad1 b5 17.Nf3 h6 18.Rd2 Rde8 19.Red1 g5 20.Nh2 Nf8 21.Bf3 Ng6 22.Ng4 Bf8
23.a3 Nxg4 24.Bxg4 Rd6 25.Bf5 Nh8 26.Rxd6 Bxd6 27.Qd2 Bc5 28.Qd7 Qxd7 29.Bxd7 Re7
30.Bxc6 a6 31.Rd5 Ba7 32.Rxe5 Ng6 33.Rxe7 Nxe7 34.Bb7 a5 35.b4 axb4 36.axb4 Bb8
37.Kf1 Bd6 38.c3 Be5 39.Ke2 f5 40.Ba6 fxe4 41.Bxb5 Nf5 42.Bc6 Nd6 43.b5 Kg7
44.Ba3 Nc4 45.Bb4 e3 46.fxe3 Bxg3 47.Kd3 Nb6 48.c4 Kf6 49.c5 Nc8 50.Bd7 Ne7
51.Ke4 Be5 52.c6 Bc7 53.Bc5 Kf7 54.b6 Bh2 55.c7  1-0

[Event "Open"]
[Site "Peiraias GRE"]
[Date "2007.09.07"]
[Round "7"]
[White "Skalkotas,N"]
[Black "Litsas,I"]
[Result "1-0"]
[WhiteElo "2275"]
[BlackElo "2157"]

1.Nf3 d5 2.g3 Nf6 3.Bg2 e6 4.O-O Be7 5.d4 O-O 6.c4 b6 7.Ne5 Bb7 8.Nc3 c6
9.b3 Nfd7 10.Nf3 Nf6 11.Bb2 Nbd7 12.cxd5 cxd5 13.Qd3 Ne4 14.Nd2 f5 15.f3 Nxd2
16.Qxd2 Ba6 17.Qe3 Rf6 18.Rfc1 Bd6 19.f4 Kh8 20.a4 Nc5 21.Nxd5 exd5 22.dxc5 Bxc5
23.Bd4 Rc8 24.Bxc5 bxc5 25.Rxc5 d4 26.Rxc8 Bxc8 27.Rd1 Rd6 28.Qe5 h6 29.b4 Be6
30.a5 Kg8 31.Bf3 Bb3 32.Rd2 d3 33.Qxf5 dxe2 34.Rxe2 Bd1 35.Rf2 Bxf3 36.Rxf3 Rd1+
37.Kg2 Qd2+ 38.Rf2 Qe1 39.Qc8+ Kh7 40.Qc2+ Kh8 41.Kh3 Qe6+ 42.f5 Qd7 43.b5 Rg1
44.Qc6 Qf7 45.Qg6 Qc4 46.f6  1-0

[Event "Masters"]
[Site "Trieste ITA"]
[Date "2007.09.07"]
[Round "8"]
[White "Tocchioni,D"]
[Black "Drazic,S"]
[Result "0-1"]
[WhiteElo "2265"]
[BlackElo "2480"]

1.Nf3 d5 2.g3 c6 3.Bg2 Nf6 4.O-O h6 5.c4 dxc4 6.Qc2 Qd5 7.Na3 Bf5 8.Qxc4 e6
9.Qa4 Nbd7 10.d3 Nb6 11.Qc2 Qc5 12.Be3 Qxc2 13.Nxc2 Bh7 14.a4 Nbd5 15.a5 a6
16.Ne5 Be7 17.Rfc1 O-O 18.Bd2 Rfd8 19.Na3 Ne8 20.Nac4 f6 21.Ng4 Bg6 22.Nge3 Rab8
23.Nxd5 exd5 24.Nb6 Bf5 25.Bf4 Bd6 26.e4 dxe4 27.dxe4 Be6 28.Be3 Nc7 29.Nc4 Bxc4
30.Rxc4 Nb5 31.f4 Re8 32.Bb6 Bc7 33.Bxc7 Nxc7 34.Rd1 Kf8 35.Kf2 Red8 36.Rcd4 Rxd4
37.Rxd4 Ne6 38.Rd2 Ke7 39.Ke3 b6 40.axb6 Rxb6 41.Kd3 a5 42.Kc2 Rb4 43.Rd1 Nd4+
44.Kc1 a4 45.Re1 c5 46.e5 Rc4+ 47.Kb1 Rc2 48.exf6+ Kxf6 49.Bc6 Rxh2 50.Bxa4 Ne2
51.Bd1 Nxg3 52.Re5 Rf2 53.Rxc5 Rxf4 54.Ka2 g5 55.Rc6+ Kg7 56.Bc2 Nf5 57.b4 Nd4
58.Rc7+ Rf7 59.Rc4 Rf4 60.Rc7+ Kf6 61.Bd3 Rf2+ 62.Ka3 Rf3  0-1

[Event "ch-Africa Men"]
[Site "Windhoek NAM"]
[Date "2007.09.07"]
[Round "7"]
[White "Amin,B"]
[Black "Abdelnabbi,I"]
[Result "1-0"]
[WhiteElo "2535"]
[BlackElo "2484"]

1.Nf3 d5 2.g3 Bg4 3.Bg2 Nd7 4.h3 Bh5 5.c4 e6 6.cxd5 exd5 7.Qb3 Nc5 8.Qe3+ Be7
9.Nc3 Nf6 10.d4 Bxf3 11.Qxf3 Nce4 12.Qd3 Nxc3 13.bxc3 O-O 14.Rb1 b6 15.c4 c6
16.O-O Re8 17.Bf4 Ne4 18.cxd5 cxd5 19.f3 Ng5 20.Bxg5 Bxg5 21.f4 Bf6 22.Rb5 Qd7
23.Rxd5 Qa4 24.e4 Qxa2 25.e5 Be7 26.Rd7 Rad8 27.Rxd8 Rxd8 28.d5 Qa3 29.Qxa3 Bxa3
30.d6 Bc5+ 31.Kh2 g6 32.Bd5 Kg7 33.Kg2 f6 34.Re1 fxe5 35.fxe5 Rf8 36.Re2 Rc8
37.Bb7 Rb8 38.Bc6 Kf8 39.Re1 a5 40.Rf1+ Kg7 41.Rd1 Kf7 42.Bd7  1-0

[Event "60th ch-RUS Higher League"]
[Site "Krasnoyarsk RUS"]
[Date "2007.09.08"]
[Round "5"]
[White "Zablotsky,S"]
[Black "Pevzner,L"]
[Result "1/2-1/2"]
[WhiteElo "2498"]
[BlackElo "2395"]

1.Nf3 d5 2.g3 Bg4 3.Bg2 Nd7 4.d4 e6 5.O-O Ngf6 6.c4 c6 7.Ne5 Bf5 8.Nc3 Be7
9.cxd5 exd5 10.h3 Nxe5 11.dxe5 Ne4 12.Nxe4 dxe4 13.Qc2 Qd5 14.Bf4 Qc5 15.Qb3 Qb4
16.Qxb4 Bxb4 17.g4 Bg6 18.Rfd1 Bc5 19.Rac1 Bb6 20.e3 Ke7 21.Rc4 Rhd8 22.Rd6 Bc7
23.h4 h6 24.h5 Bh7 25.Bxe4 Bxe4 26.Rxe4 Bxd6 27.exd6+ Kf8 28.Re7 b5 29.Kf1 a5
30.Ke2 c5 31.Kd3 Rac8 32.Rb7 c4+ 33.Ke4 Rb8 34.Rc7 Rbc8 35.Ra7 Ra8 36.Rc7 Rac8
37.Rb7 Rb8 38.Rxb8 Rxb8 39.Kd5 Rd8 40.Kc5 Ke8 41.Kxb5 Rb8+ 42.Kc6 Rc8+ 43.Kd5 a4
44.Be5 a3 45.Bxg7 axb2 46.Bxb2 c3 47.Bc1 c2 48.e4 Kd7 49.Ke5 Rc3 50.Bxh6 Rf3
51.Bc1 f6+ 52.Kd4 Rxf2 53.Kd3 Rg2 54.e5 Rxg4 55.exf6 Kxd6 56.h6 Ke6 57.Kxc2 Kxf6
58.Bb2+ Kg6 59.Bg7 Rh4 60.Kb3 Kf7 61.a3  1/2-1/2

[Event "60th ch-RUS Higher League"]
[Site "Krasnoyarsk RUS"]
[Date "2007.09.09"]
[Round "6"]
[White "Maletin,P"]
[Black "Rublevsky,S"]
[Result "0-1"]
[WhiteElo "2567"]
[BlackElo "2679"]

1.Nf3 d5 2.g3 Bg4 3.Bg2 Nd7 4.c4 e6 5.Qb3 Nc5 6.Qe3 Be7 7.d4 Nd7 8.Qb3 Ngf6
9.Ne5 Nxe5 10.dxe5 Nd7 11.cxd5 exd5 12.Qxb7 Nxe5 13.Qxd5 Qxd5 14.Bxd5 O-O-O
15.Nc3 Bb4 16.Bb3 Rhe8 17.Be3 Bh3 18.Rd1 Rxd1+ 19.Kxd1 Ng4 20.Kd2 Rd8+ 21.Kc2 Nxe3+
22.fxe3 f6 23.Bc4 Bc5 24.Rd1 Rxd1 25.Nxd1 Kd7 26.a3 Kd6 27.Bd3 g6 28.Kd2 Bg2
29.Nc3 Ke5 30.b4 Bb6 31.Na4 Bd5 32.Nb2 a5 33.Bc4 axb4 34.axb4 Bxc4 35.Nxc4+ Ke4
36.b5 f5 37.h4 h6 38.Kc3 g5 39.hxg5 hxg5 40.Kb4 g4 41.Kc3 Bxe3  0-1

[Event "KNSB TCh-NED 2007-8"]
[Site "Netherlands NED"]
[Date "2007.09.15"]
[Round "1"]
[White "Heemskerk,W"]
[Black "Bosman,M"]
[Result "1-0"]
[WhiteElo "2237"]
[BlackElo "2333"]

1.Nf3 d5 2.g3 Nf6 3.Bg2 e6 4.O-O c5 5.d4 Nc6 6.c4 dxc4 7.Qa4 Bd7 8.Qxc4 b5
9.Qd3 Rc8 10.dxc5 Bxc5 11.Nc3 Nb4 12.Qd1 Bc6 13.Qxd8+ Rxd8 14.Bg5 h6 15.Bxf6 gxf6
16.Rfc1 Na6 17.Ne1 Bxg2 18.Kxg2 Bd4 19.Nd3 Bxc3 20.Rxc3 Ke7 21.a4 b4 22.Rc4 Rb8
23.Rac1 Rhd8 24.Rh4 f5 25.Rcc4 Rd5 26.Rxh6 Rb6 27.Rhh4 b3 28.Rhd4 Ra5 29.f4 f6
30.Rc8 Rd6 31.Rdc4 e5 32.fxe5 fxe5 33.Rh8 Ke6 34.Re8+ Kf6 35.Rec8 e4 36.Nf4 Ke7
37.Rh8 Rd2 38.Rh7+ Kf8  1-0

[Event "KNSB TCh-NED 2007-8"]
[Site "Netherlands NED"]
[Date "2007.09.15"]
[Round "1"]
[White "Carlier,B"]
[Black "Michielsen,J"]
[Result "0-1"]
[WhiteElo "2398"]
[BlackElo "2314"]

1.Nf3 d5 2.g3 Bg4 3.Bg2 Nd7 4.c4 e6 5.d4 c6 6.Qb3 Qb6 7.Nc3 Ngf6 8.O-O Be7
9.Bf4 O-O 10.c5 Qxb3 11.axb3 a6 12.Nd2 h6 13.b4 g5 14.Be3 Bf5 15.Nb3 Ne8
16.b5 cxb5 17.Nxb5 Nef6 18.Nc3 Rfc8 19.Rfc1 b6 20.Na4 bxc5 21.dxc5 Rab8 22.Na5 Bd8
23.Bd2 Ne4 24.Bxe4 Bxe4 25.f3 Bg6 26.b4 Ne5 27.Kf1 Bxa5 28.bxa5 Rb5 29.Bc3 Nc4
30.Nb6 Rcxc5 31.Bd4 Rc6 32.Nxc4 dxc4 33.Ra4 e5 34.Bc3 f6 35.Ra2 Kf7 36.Rd2 Ke7
37.Ke1 Rd6 38.Rxd6 Kxd6 39.Rd1+ Kc7 40.Kd2 Rb3 41.Ra1 Kd6 42.Ra4 Kc5 43.Ra1 Bb1
44.f4 exf4 45.gxf4 f5 46.fxg5 hxg5 47.Bf6 g4 48.e3 Kd5 49.Bc3 Rb7 50.Bd4 Bd3
51.Rg1 Ke4  0-1

[Event "17th ch-EU U16 Boys"]
[Site "Sibenik CRO"]
[Date "2007.09.15"]
[Round "2"]
[White "Martinovic,Sa"]
[Black "Mammadov,A"]
[Result "1/2-1/2"]
[WhiteElo "2371"]
[BlackElo "2237"]

1.Nf3 d5 2.g3 Nf6 3.Bg2 Bg4 4.O-O Nbd7 5.d3 c6 6.Nbd2 e5 7.e4 dxe4 8.dxe4 Bc5
9.h3 Bxf3 10.Qxf3 Qe7 11.a4 a6 12.a5 Qe6 13.Rd1 O-O 14.Bf1 Rfd8 15.Nb3 Qe7
16.Bc4 Ba7 17.Bd2 Nf8 18.Bc3 Ne6 19.h4 Nd4 20.Bxd4 Bxd4 21.c3 Ba7 22.Kg2 g6
23.Re1 h5 24.Nc1 Rd2 25.Nd3 Rd8  1/2-1/2

[Event "4NCL"]
[Site "Sunningdale ENG"]
[Date "2007.09.15"]
[Round "1"]
[White "Davies,Ni"]
[Black "Pinter,G"]
[Result "1-0"]
[WhiteElo "2501"]
[BlackElo "2366"]

1.g3 d5 2.Nf3 Nf6 3.Bg2 c6 4.O-O Bf5 5.d3 e6 6.Qe1 Be7 7.Nbd2 O-O 8.e4 Bg6
9.Ne5 dxe4 10.dxe4 Nbd7 11.Nxg6 hxg6 12.e5 Nd5 13.Qe2 Qc7 14.Nf3 a5 15.c4 Nb4
16.a3 Na6 17.b3 Rfd8 18.Rb1 Nac5 19.Bd2 a4 20.b4 Nb3 21.Bc3 Nb6 22.Rfd1 Rxd1+
23.Rxd1 Rd8 24.Bf1 Rd7 25.h4 Bd8 26.Kg2 Be7 27.Rxd7 Qxd7 28.Qd3 Qc7 29.Qe4 Nd7
30.Be2 Qd8 31.Bd1 Qa8 32.Bc2 Nf8 33.Qd3 Qa6 34.Bb2 b5 35.cxb5 cxb5 36.Bxb3 axb3
37.Nd4 Qb7+ 38.f3 Nd7 39.Qxb5 Qxb5 40.Nxb5 Nb6 41.Nc3 Nc4 42.Nd1 Bd8 43.a4 Nxb2
44.Nxb2 Bb6 45.a5 Bd4 46.a6 Kf8 47.Kf1 Ke7 48.Ke2 Kd7 49.Kd3 Bf2 50.b5 Kc7
51.Nc4 b2 52.Nxb2 Bxg3 53.Nc4 Bf2 54.b6+ Kc6 55.a7 Kb7 56.Kc3 Bc5 57.Kb3  1-0

[Event "17th ch-EU U18 Girls"]
[Site "Sibenik CRO"]
[Date "2007.09.16"]
[Round "3"]
[White "Bogdan,E"]
[Black "Ivakhinova,I"]
[Result "0-1"]
[WhiteElo "1880"]
[BlackElo "2251"]

1.Nf3 d5 2.g3 Nf6 3.Bg2 Bg4 4.d3 c6 5.O-O Nbd7 6.Re1 e5 7.Nbd2 Bd6 8.c4 O-O
9.Nh4 Re8 10.cxd5 cxd5 11.Nf1 Rc8 12.Ne3 Be6 13.Nef5 Bb4 14.Bd2 Bf8 15.Qa4 Nc5
16.Qd1 Qd7 17.Ne3 d4 18.Nc2 Na4 19.b3 Nc3 20.Qc1 b5 21.Nf3 Bf5 22.Nh4 Nxe2+
23.Rxe2 Bxd3 24.Re1 Bxc2 25.Qb2 e4 26.Rac1 Bd3 27.Bg5 Bb4 28.Red1 Bc3 29.Qa3 Be2  0-1

[Event "17th ch-EU U18 Boys"]
[Site "Sibenik CRO"]
[Date "2007.09.19"]
[Round "6"]
[White "Tereick,B"]
[Black "Krstic,P"]
[Result "1-0"]
[WhiteElo "2404"]
[BlackElo "2327"]

1.Nf3 d5 2.g3 e6 3.Bg2 Nf6 4.O-O Be7 5.c4 dxc4 6.Na3 a6 7.Nxc4 O-O 8.d4 Ra7
9.Nfe5 c5 10.dxc5 Bxc5 11.Nd3 Bd4 12.Bd2 b5 13.Ba5 Qe7 14.Bb4 Qd8 15.Nd6 Qb6
16.e3 a5 17.Nxb5 Rd7 18.Bxf8 Bxe3 19.Qb3 Ba6 20.Ne5 Bxf2+ 21.Rxf2 Rd2 22.Rf1  1-0

[Event "6th ch-Asia"]
[Site "Cebu City PHI"]
[Date "2007.09.22"]
[Round "4"]
[White "Maga,M"]
[Black "Sadorra,J"]
[Result "0-1"]
[WhiteElo "2368"]
[BlackElo "2421"]

1.Nf3 d5 2.g3 c5 3.Bg2 e6 4.O-O Nf6 5.c4 Be7 6.cxd5 exd5 7.d4 Nc6 8.Nc3 O-O
9.Bg5 cxd4 10.Nxd4 h6 11.Be3 Re8 12.Rc1 Bf8 13.Nb3 Be6 14.Na4 Bg4 15.h3 Bh5
16.Nc3 Bb4 17.g4 Bxc3 18.Rxc3 Bg6 19.Nd4 Ne4 20.Rc1 Rc8 21.Bf4 Qf6 22.e3 Nb4
23.Rxc8 Rxc8 24.a3 Nc6 25.Nxc6 bxc6 26.Qd4 Qe7 27.b4 h5 28.f3 Nf6 29.Rc1 hxg4
30.hxg4 Nh7 31.Qe5 Qb7 32.Bf1 Nf8 33.Bg3 Ne6 34.Bf2 Qd7 35.a4 f6 36.Qb2 Ng5
37.Bg2 Nf7 38.Qd4 Rd8 39.Bg3 Ng5 40.Qc5 Be8 41.Rd1 Ne4 42.fxe4 Qxg4 43.Qc2 Qxg3
44.Qf2 Qb8 45.exd5 Qxb4 46.Rd4 Qb1+ 47.Kh2 Qb8+ 48.Kg1 cxd5 49.Bxd5+ Kf8
50.e4 Rc8 51.Kg2 Qe5 52.Rd2 Qg5+ 53.Kh2 Rc3  0-1

[Event "USCL 2007"]
[Site "ICC INT"]
[Date "2007.09.26"]
[Round "5"]
[White "Mikhailuk,S"]
[Black "Schroer,J"]
[Result "0-1"]
[WhiteElo "2446"]
[BlackElo "2354"]

1.Nf3 d5 2.g3 Nf6 3.Bg2 c6 4.b3 a5 5.O-O Bg4 6.Bb2 Nbd7 7.d3 e6 8.Nbd2 Be7
9.e4 O-O 10.a4 Ne8 11.Qe2 f5 12.exd5 exd5 13.Rae1 Bb4 14.c3 Bd6 15.h3 Bh5
16.d4 Kh8 17.Qd3 f4 18.Ne5 Nc7 19.Ndf3 Nf6 20.g4 Be8 21.c4 Na6 22.c5 Nb4
23.Qe2 Bxe5 24.dxe5 Ne4 25.Nd4 Bg6 26.Ne6 Qh4 27.Nxf8 Rxf8 28.e6 f3 29.e7 Qxe7
30.Bxf3 Qxc5 31.h4 Nd3 32.Qxd3 Ng5 33.Qe3 Nxf3+ 34.Kh1 Qd6 35.Be5 Qd7 36.Rg1 Be4
37.Qc3 Nxe1+  0-1

[Event "16th Monarch Assurance"]
[Site "Port Erin IOM"]
[Date "2007.09.27"]
[Round "6"]
[White "Roiz,M"]
[Black "Yakovich,Yur"]
[Result "0-1"]
[WhiteElo "2630"]
[BlackElo "2597"]

1.Nf3 d5 2.g3 c6 3.Bg2 Bg4 4.c4 e6 5.O-O Nf6 6.Qb3 Qc8 7.d3 Nbd7 8.cxd5 exd5
9.Qc2 Bd6 10.h3 Bxf3 11.Bxf3 O-O 12.e4 Re8 13.Bg2 dxe4 14.dxe4 Nc5 15.e5 Rxe5
16.Bf4 Ne6 17.Bxe5 Bxe5 18.Nd2 Qc7 19.Nf3 Nd4 20.Nxd4 Bxd4 21.Rad1 Rd8 22.b4 Qb6
23.Qb3 h5 24.Rd2 a5 25.a3 c5 26.Re1 Rd7 27.Bf3 axb4 28.axb4 Qc7 29.Kg2 c4
30.Qc2 b5 31.Qf5 c3 32.Ra2 g6 33.Qxb5 Rd6 34.Rae2 Rb6 35.Qa4 Qc4 36.Rb1 Kg7
37.Ra2 h4 38.Qb3 Qc7 39.g4 Re6 40.Qd1 Qc4 41.Qb3 Qc7 42.Rd1 Bb6 43.Rc2 Re3
44.Bd5 Qf4 45.fxe3 Qg3+ 46.Kh1 Bc7 47.Qa2 Qxh3+ 48.Rh2 Bxh2 49.Qxh2 Qxg4
50.Rg1 Qxb4 51.Bf3 Qc5 52.e4 c2 53.Qd2 Qa3 54.Rf1 Nh5 55.Kg2 Ng3 56.Rc1 Nxe4
57.Qd4+ Nf6 58.Rxc2 h3+ 59.Kg3 Qb3  0-1

[Event "Open"]
[Site "Miami USA"]
[Date "2007.09.29"]
[Round "7"]
[White "Adu,O"]
[Black "Gonzalez,Ren"]
[Result "0-1"]
[WhiteElo "2294"]
[BlackElo "2456"]

1.Nf3 d5 2.g3 c6 3.Bg2 Bg4 4.d3 Nd7 5.Nbd2 e6 6.O-O Ngf6 7.e4 dxe4 8.dxe4 Be7
9.Qe2 O-O 10.h3 Bh5 11.a4 e5 12.Rd1 Qc7 13.g4 Bg6 14.Nh4 Rfe8 15.a5 Nc5 16.Nf5 Rad8
17.Re1 Ne6 18.Qc4 h5 19.f3 hxg4 20.fxg4 b5 21.axb6 axb6 22.Nf3 b5 23.Qf1 Bxf5
24.exf5 Bc5+ 25.Kh1 Nf4 26.Rxe5 Nxg2 27.Rxc5 Ne4  0-1

[Event "16th Monarch Assurance"]
[Site "Port Erin IOM"]
[Date "2007.09.29"]
[Round "8"]
[White "Roiz,M"]
[Black "Adly,A"]
[Result "1-0"]
[WhiteElo "2630"]
[BlackElo "2488"]

1.Nf3 d5 2.g3 Nf6 3.Bg2 e6 4.O-O c5 5.c4 Nc6 6.cxd5 exd5 7.d4 h6 8.Nc3 Be7
9.b3 O-O 10.Bb2 Bg4 11.dxc5 Bxc5 12.Rc1 Re8 13.h3 Be6 14.Na4 Bd6 15.Nc5 Bxc5
16.Rxc5 Ne4 17.Rc1 Qa5 18.a3 Qb6 19.Nd4 Nxd4 20.Bxd4 Qa6 21.Bb2 Qb6 22.e3 Rac8
23.Qd3 a5 24.Rfd1 f6 25.g4 Nc5 26.Qg6 Rf8 27.Bxd5 Bxd5 28.Rxd5 Qxb3 29.Rdxc5 Rxc5
30.Rxc5 Qxb2 31.Rc7 f5 32.gxf5 b5 33.Qe6+ Kh8 34.Kg2 b4 35.axb4 axb4 36.Rb7 Qc3
37.e4 Qc5 38.Qd7 Rg8 39.Qd2 Qe5 40.Rxb4 Re8 41.Qd7 Kh7 42.Ra4 Rb8 43.Qc6 Qf4
44.Qg6+ Kh8 45.Qg3 Qxg3+ 46.Kxg3 Kg8 47.Kf4 Rb7 48.e5 Kf7 49.Kg4 Rb6 50.Ra7+ Kf8
51.f4 Rb3 52.h4 Re3 53.Ra6 Re1 54.f6 gxf6 55.Rxf6+ Kg7 56.Ra6 Rg1+ 57.Kf5 h5
58.Ra7+ Kh8 59.Ra8+ Kg7 60.e6 Re1 61.Ra5 Rf1 62.Ra7+ Kh6 63.Ra8 Re1 64.Rg8 Kh7
65.Rg5 Kh6 66.Kf6 Re4 67.Rf5 Ra4 68.e7 Ra8 69.Kf7 Rh8 70.Ke6 Kg7 71.Kd7 Kg6
72.Re5 Rh7 73.Kc6 Kf6 74.e8=Q Rc7+ 75.Kxc7  1-0

[Event "USCL 2007"]
[Site "ICC INT"]
[Date "2007.10.03"]
[Round "6"]
[White "Moreno,Ale1"]
[Black "Zhao,P"]
[Result "0-1"]
[WhiteElo "2390"]
[BlackElo "2180"]

1.Nf3 d5 2.g3 c6 3.Bg2 Bg4 4.b3 Nd7 5.Bb2 Ngf6 6.O-O e6 7.c4 Bd6 8.d3 O-O
9.Nbd2 a5 10.a3 Qb6 11.d4 Qd8 12.c5 Bc7 13.b4 Re8 14.h3 Bh5 15.Ne5 Nxe5 16.dxe5 Nd7
17.f4 axb4 18.axb4 b6 19.g4 Bg6 20.e4 Rxa1 21.Qxa1 h6 22.f5 Bh7 23.exd5 exd5
24.Re1 bxc5 25.b5 c4 26.Nxc4 dxc4 27.Bxc6 Qh4 28.Kg2 Rd8 29.Re2 Nc5 30.Qa7 Nd3
31.Qxc7 Nf4+ 32.Kf3 Rd3+ 33.Ke4 Nxe2 34.e6 Bxf5+ 35.Kxf5 Qg5+  0-1

[Event "27th Open"]
[Site "Munich GER"]
[Date "2007.10.03"]
[Round "5"]
[White "Egger,T"]
[Black "Koepke,C"]
[Result "1/2-1/2"]
[WhiteElo "2238"]
[BlackElo "2295"]

1.Nf3 d5 2.g3 Nc6 3.d4 Bg4 4.Bg2 Qd7 5.h3 Bf5 6.c3 O-O-O 7.Bf4 f6 8.g4 Bg6
9.Nbd2 Re8 10.Nb3 e5 11.dxe5 fxe5 12.Bg3 Nf6 13.Nh4 Be4 14.f3 Bg6 15.Nxg6 hxg6
16.e4 d4 17.Qd3 dxc3 18.Qxd7+ Nxd7 19.bxc3 Nc5 20.Nxc5 Bxc5 21.O-O-O Be3+
22.Kc2 g5 23.Rd5 Rd8 24.Rxd8+ Kxd8 25.h4 Kd7 26.hxg5 Rxh1 27.Bxh1 Bxg5 28.Bg2 Bf4
29.Bh4 Kd6 30.Bf1 Na5 31.Be2 b6 32.Bd3 Nb7 33.Bc4 Nc5 34.Bf2 Nd7 35.Bh4 Be3
36.Bf7 Nc5 37.Bc4 Bf4 38.Bf2 Nd7 39.Bh4 Nf8 40.Bf7 Be3 41.Kd3 Bf4 42.Kc2 Nd7  1/2-1/2